Skinner's Round (Record no. 262449)

MARC details
000 -LEADER
fixed length control field 00543nam a2200193Ia 4500
008 - FIXED-LENGTH DATA ELEMENTS--GENERAL INFORMATION
fixed length control field 191130s2009##################000#0#eng##
020 ## - INTERNATIONAL STANDARD BOOK NUMBER
ISBN 9780747250418
Paper back/Hardbound pbk
041 ## - LANGUAGE CODE
Language code of text/sound track or separate title eng
082 ## - DEWEY DECIMAL CLASSIFICATION NUMBER
Classification number 823.914 JAR
100 ## - MAIN ENTRY--AUTHOR NAME
Personal name Jardine, Quintin
245 ## - TITLE STATEMENT
Title Skinner's Round
Statement of responsibility, etc Quintin Jardine
250 ## - EDITION STATEMENT
Edition statement 1st ed
260 ## - PUBLICATION, DISTRIBUTION, ETC. (IMPRINT)
Place of publication London
Name of publisher Headline
Year of publication 2009
300 ## - PHYSICAL DESCRIPTION
Number of Pages 436 p. ; 18 cm
650 ## - SUBJECT ADDED ENTRY--TOPICAL TERM
Topical Term Police -- Scotland -- Edinburgh -- Fiction
Topical Term Skinner, Bob (Fictitious character) -- Fiction
942 ## - ADDED ENTRY ELEMENTS (KOHA)
Koha item type English Books
Holdings
Withdrawn status Lost status Damaged status Not for loan Home library Current library Shelving location Date acquired Full call number Accession Number Price effective from Koha item type
        Anna Centenary Library Anna Centenary Library 4TH FLOOR, B WING 13.10.2020 823.914 JAR 507757 13.10.2020 English Books

Find us on the map